000 00984nam a2200301 c 4500
003 EG-GICUC
005 20260409115813.0
008 260409s1929 fr fr|||| 000 0 fre d
040 _aEG-GiCUC
_bfre
_cEG-GiCUC
_dEG-GiCUC
_eRda
041 0 _afre
082 0 4 _221
_a341.23
_bCH . V
092 0 4 _221
099 _aLaw1 11 341.23 CH . V 1929
100 1 _achassériau, Christian
_eAuteur
245 1 3 _aLe veto En droit international /
_cChristian chassériau.
264 1 _aParis :
_bÉditions a. Pedone,
_c{1929}.
300 _a202 page,
_c24 cm.
336 _2rda contenu
_a texte
337 _2rda medias
_aOrdinateur
338 _2 transporteur rda
_a Ressource en ligne
504 _aComprend des références bibliographiques.
504 _aBibliographie : pages 199-200
546 _aTexte en français
650 1 4 _aDroit international public
856 4 0 _uhttps://fll.law.cu.edu.eg/fulltext/bks/B11-05020.pdf
905 _a48
942 _2ddc
_cBK
_e21
_n0
999 _c69821
_d69821